A cointegration analysis of the official and parallel foreign exchange markets for dollars in Greece
Αποθηκεύτηκε σε:
| Κύριος συγγραφέας: | |
|---|---|
| Άλλοι συγγραφείς: | |
| Μορφή: | Βιβλίο |
| Γλώσσα: | English |
| Δημοσίευση: |
Athens :
Centre of Planning and Economic Research,
1995
|
| Σειρά: | Εργασίες για συζήτηση = Discussion papers ;
; 48 |
| Θέματα: | |
| Ετικέτες: |
Προσθήκη ετικέτας
Δεν υπάρχουν, Καταχωρήστε ετικέτα πρώτοι!
|
MARC
| LEADER | 00000cam a2200000 i 4500 | ||
|---|---|---|---|
| 001 | 1/7138 | ||
| 008 | 960724s1995 eng d | ||
| 035 | |l 10016599 | ||
| 040 | |a GR-MY-UA |b gre |e aacr | ||
| 041 | 0 | |a eng | |
| 082 | 0 | |a 332.45 | |
| 100 | 1 | |a Κουρέτας, Γεώργιος. | |
| 245 | 1 | 2 | |a A cointegration analysis of the official and parallel foreign exchange markets for dollars in Greece / |c G. Kouretas, L. Zarangas |
| 260 | |a Athens : |b Centre of Planning and Economic Research, |c 1995 | ||
| 300 | |a 43 p. |b tabl., fig. | ||
| 490 | 1 | |a Discussion papers |v ; 48 | |
| 504 | |a Includes bibliographical references | ||
| 650 | 0 | 0 | |a International finance. |
| 650 | 0 | 0 | |a Foreign exchange market. |
| 700 | 1 | |a Ζάραγκας, Λεωνίδας Π. | |
| 830 | 0 | |a Εργασίες για συζήτηση = Discussion papers ; |v ; 48 | |
| 852 | |a INST |b LESVOS |e 19960724 |h 332.45 ΚΟΥ |p 005100009447 |q 005100009447 |t BK |y 0 | ||
| 909 | |a Λ |b 043636 | ||
| 970 | |z 2000/05/ΟΙΚΟΝΟΜΟΠΟΥΛΟΥ ΧΡΙΣΤΙΝΑ | ||